Statistiques concernant Vocabulaire anglais : vêtements, couture, matériaux

Cliquez ici pour prendre le quiz!

Statistiques générales

  • Ce quiz a été pris 64 fois
  • Le résultat moyen est 7 sur 50

Statistiques - réponses

FrançaisHintRéponse% Correct
AcierS___________Steel
56%
LaineW__________Wool
54%
CuivreC___________Copper
42%
BoueM___________Mud
42%
CharbonC___________Coal
40%
CireW__________Wax
38%
à l'enversI___________Inside out
35%
CollantsT___________Tights
35%
CaoutchoucR___________Rubber
31%
BonnetB___________Beanie
29%
BétonC___________Concrete
29%
DentelleL___________Lace
21%
PorcelaineC___________China
19%
DaimS___________Suede
17%
EtainT___________Tin
17%
SurvêtementsT___________Tracksuit
17%
AuthentiqueG__________Genuine
15%
Talons aiguillesS___________Stilettos
15%
PointS___________Stitch
15%
CachemireC___________Cashmere
13%
Braguette (UK)F___________Fly
13%
OurletH___________Hem
10%
PlombL___________Lead
10%
Des basS___________Stockings
10%
Boutons de manchettesC___________Cufflinks
8%
DoublureL___________Lining
8%
CirageP___________Polish
8%
ArdoiseS___________Slate
8%
LaitonB___________Brass
6%
Salopette (UK)D___________Dungarees
6%
Agrafe (soutien-gorge)H___________Hook
6%
ContreplaquéP___________Plywood
6%
Bretelles (UK)B___________Braces
4%
Sabots (chaussures)C___________Clogs
4%
Fibre de verreF___________Fibreglass
4%
CriardG___________Gaudy
4%
RapiécéP___________Patched up
4%
RaccommoderD___________Darn
2%
Smoking (UK)D___________Dinner jacket
2%
DébrailléD___________Dishevelled
2%
FeutreF___________Felt
2%
MocassinL___________Loafer
2%
FripéR___________Rumpled
2%
NégligéU___________Unkempt
2%
Coupe-vent (UK)W__________Windcheater
2%
AlliageA___________Alloy
0%
AmianteA___________Asbestos
0%
IsolantI____________Insulating
0%
Porte-jarretellesS___________Suspender belt
0%
Dé à coudreT___________Thimble
0%

Distribution des résultats

Percentile par nombre de réponses

% des personnes avec chaque résultat

Votre développement - résultats

Vous n’avez pas pris ce quiz